| 000 | 02462cgm a2200565Ia 4500 | ||
|---|---|---|---|
| 001 | ocn137239613 | ||
| 003 | OCoLC | ||
| 005 | 20200320193450.0 | ||
| 007 | vd cvaizk | ||
| 008 | 070529p20071976xx 090 vleng d | ||
| 020 | _c15.95 | ||
| 024 | 1 | _a637581703923 | |
| 028 | 4 | 1 |
_a70392 _bLeisure Entertainment |
| 035 | _a(OCoLC)137239613 | ||
| 040 |
_aIHI _beng _cIHI _dIHI _dOCLCQ _dOCLCO _dWACOL |
||
| 043 | _an-cn-yk | ||
| 049 | _aWACL | ||
| 092 |
_aDVD _bGre |
||
| 245 | 0 | 4 |
_aThe great adventure _h[videorecording] / _c[presented by] Professional Pictures International, Inc. ; produced by Elliot Geisinger, Joseph Allegro ; directed by Paul Elliotts ; screenplay by Elliot Geisinger, John Fonseca. |
| 246 | 1 |
_iContainer title: _aJack London's The great adventure |
|
| 260 |
_a[S.l.] : _bLeisure Entertainment, _c[2007?] |
||
| 300 |
_a1 videodisc (90 min.) : _bsd., col. ; _c4 3/4 in. |
||
| 490 | 1 | _aDigital gold collection | |
| 538 | _aDVD; Dolby Digital 5.1 surround or 2.0 stereo., mono. | ||
| 500 | _aBased on "The Call of the Wild" by Jack London. | ||
| 511 | 1 | _aJack Palance, Joan Collins, Fred Romer, Emanuel Blas, and Buck. | |
| 508 | _aDirector of photography, Joseph Aguayo ; editor, Tee Walters ; music by Stelvio Cipriani ; theme song written by Harold Spiro. | ||
| 500 | _aOriginally produced as a motion picture in 1976. | ||
| 520 | _aDuring the Yukon gold rush an orphaned boy struggles to survive, his only ally a wild dog. | ||
| 650 | 0 |
_aOrphans _vDrama. _95712784 |
|
| 650 | 0 |
_aDogs _vDrama. _95699115 |
|
| 650 | 0 |
_aGold mines and mining _zYukon _vDrama. _95896102 |
|
| 651 | 0 |
_aYukon _vDrama. _95896103 |
|
| 655 | 0 |
_aDVD-Video discs. _95673658 |
|
| 655 | 7 |
_aAction and adventure films. _2lcgft _95674017 |
|
| 655 | 7 |
_aFeature films. _2lcgft _95896104 |
|
| 700 | 1 |
_aPalance, Jack, _d1919-2006. _923226 |
|
| 700 | 1 |
_aCollins, Joan, _d1933- _95503 |
|
| 700 | 1 |
_aRomer, Fred. _95896105 |
|
| 700 | 1 |
_aBlas, Manuel de. _95896106 |
|
| 700 | 1 |
_aElliotts, Paul. _95896107 |
|
| 700 | 1 |
_aLondon, Jack, _d1876-1916. _tCall of the wild. _910154 |
|
| 710 | 2 |
_aProfessional Pictures International, Inc. _95896108 |
|
| 710 | 2 |
_aLeisure Entertainment (Firm) _95896109 |
|
| 830 | 0 |
_aDigital gold collection (Leisure Entertainment) _95896110 |
|
| 942 |
_cDVD _013 |
||
| 948 |
_a02/21/2015 _zSirsi |
||
| 994 |
_a02 _bWACOL |
||
| 996 |
_a115752 _b34301001410960 _cDVD _dDVD _ewcl _fi _g13 _h15.95 _lamazon _mGre _p02/23/2015 _q06/14/2019 _r05/31/2019 |
||
| 999 |
_c285952 _d285952 |
||